La reforma previsional en Chile

Spremljeno u:
Bibliografski detalji
Glavni autor: Mujica, Patricio (autor)
Autor kompanije: Programa de Postgrado de Economía ILADES-Georgetown University (Autor)
Format: Knjiga
Jezik:španjolski
Izdano: Santiago ILADES 1992
Serija:Investigación, ILADES, I-60
Teme:
Oznake: Dodaj oznaku
Bez oznaka, Budi prvi tko označuje ovaj zapis!

MARC

LEADER 00000nam a2200000 a 4500
001 UCR8675
003 CL-VaPUC
008 980529e19921200CL |||||||||||||||||spa|d
082 0 4 |a 330.711  |b MUJ  |2 21 
100 |a Mujica, Patricio  |e autor  |9 410719 
110 2 |a Programa de Postgrado de Economía ILADES-Georgetown University  |e author  |9 410717 
245 1 3 |a La reforma previsional en Chile 
300 |a 35 p 
942 |c BK 
945 |d 19980529 00:00:00  |a crobeson 
260 |a Santiago  |b ILADES  |c 1992 
650 7 |a EDUCACION DE POSTGRADO  |2 CL-VaPUC  |9 310729 
650 0 |a Economía   |9 255568 
650 0 |a Pensiones a la vejez  |9 307301 
650 0 |a Seguridad social  |9 255322 
651 7 |a CHILE  |2 CL-VaPUC  |9 410718 
583 |a last modification  |c 19980529 00:00:00  |k Rodrigo Vera 
490 0 |a Investigación, ILADES, I-60 
999 |c 270071  |d 270069